Statistics for American Idol Judges

Click here to take the quiz!

General Stats

  • This quiz has been taken 2,724 times
    (149 since last reset)
  • The average score is 9 of 14

Answer Stats

Answer% Correct
Simon Cowell
93%
Randy Jackson
83%
Paula Abdul
82%
Katy Perry
77%
Lionel Richie
71%
Jennifer Lopez
68%
Luke Bryan
67%
Keith Urban
62%
Nicki Minaj
55%
Steven Tyler
55%
Mariah Carey
53%
Ellen DeGeneres
49%
Harry Connick Jr.
42%
Kara DioGuardi
38%

Score Distribution

Percentile by Number Answered

Percent of People with Each Score

Your Score History

You have not taken this quiz since the last reset